000 00974nam0a22002891 4500
001 rc\4372789
005 20250612063021.0
021 _aRU
_b[67-35716]
035 _a(NLR Aleph) 008541894
090 _a8352259
_c8352259
100 _a20130416d1967 |||y0rusy50 ca
101 0 _arus
102 _aRU
105 _aa z |||||
200 1 _aРекристаллизация металлов и сплавов
210 _aМосква
_cМеталлургия
_d1967
215 _a403 с.
_cил.
_d22
320 _aБиблиогр.: с. 388-401 (513 назв.)
606 _aМеталлы
_xРекристаллизация
_2psbo
606 _aСплавы
_xРекристаллизация
_2psbo
700 1 _4070
_7ca
_8rus
_aГорелик
_bС. С.
_f1911-2007
_gСемен Самуилович
_92641265
_3RU\NLR\AUTH\770273035
801 0 _aRU
_bNLR
_gpsbo
801 1 _aRU
_bELAR
_2rusmarc
852 _aNLR
_j67-5/2278
942 _cBOOK
980 _aNB